| 000 | 01289nam0a2200265 4500 | ||
|---|---|---|---|
| 001 | RU\NLR\bibl\153837 | ||
| 005 | 20260407114150.0 | ||
| 035 | _a(NLR Aleph) 000150833 | ||
| 090 |
_a865602 _c865602 |
||
| 100 | _a20010510d1999 |||y0rusy50 ca | ||
| 101 | 0 | _arus | |
| 102 | _aRU | ||
| 105 | _ay ||||||||| | ||
| 200 | 1 |
_aТехнология ведения локальных баз данных МАИС "Туберкулез" _eМетод. рекомендации N 99/130 _fМ-во здравоохранения Рос. Федерации, С.-Петерб. НИИ фтизиопульмонологии |
|
| 210 |
_aСПб. _cБ.и. _d1999 |
||
| 215 |
_a20 с. _d20 |
||
| 606 | 0 |
_aПротивотуберкулезная помощь _jМетодические пособия _xБазы данных _92204601 _3RU\NLR\auth\661324602 |
|
| 606 | 1 |
_aПротивотуберкулезная помощь _jМетодические пособия _xБазы данных _92204601 _3RU\NLR\auth\661324602 |
|
| 686 | _aР11(2)285.4я8 | ||
| 712 | 0 | 2 |
_4570 _aСанкт-Петербургский НИИ фтизиопульмонологии _3RU\NLR\AUTH\889946450 _9388481 |
| 801 | 0 |
_aRU _bNLR _c20010510 _gPSBO |
|
| 801 | 1 |
_aRU _bNLR _c20010510 |
|
| 942 | _cBOOK | ||
| 980 | _aNB | ||